000 00845nam a2200253Ia 4500
003 OSt
005 20220926012322.0
006 a|||||r|||| 00| 0
007 ta
008 220923b |||||||| |||| 00| 0 eng d
020 _a9781107109544
_c800.00
037 _b111304, 23/10/2017, International Book Distrobutors
_cGeneral Book
040 _aRTL
_cRTL
_beng
041 _2eng
_aeng
082 _aX:75.2, Q6
100 _aTANTRI Malini L
_9316159
245 0 _aSpecial economic zones in India
_b Policy performance and prospects
260 _aNew York
_bCambridge University Press
_c2016
300 _axviii,171p
_ccm.
500 _aBibliogrphy: p 181-198
650 _aEconomics
942 _hX:75.2, Q6
_cGB
_2CC
999 _c622506
_d622506